Chemistry of the Environment (Record no. 301925)

MARC details
000 -LEADER
fixed length control field 00321pam a2200133a 44500
008 - FIXED-LENGTH DATA ELEMENTS--GENERAL INFORMATION
fixed length control field 230405s2005 xxu||||| |||| 00| 0 eng d
041 ## - LANGUAGE CODE
Language code of text/sound track or separate title ENG
100 ## - MAIN ENTRY--PERSONAL NAME
Personal name Bailey
245 ## - TITLE STATEMENT
Title Chemistry of the Environment
260 ## - PUBLICATION, DISTRIBUTION, ETC.
Place of publication, distribution, etc. U.S.A.
Name of publisher, distributor, etc. Academic Press
Date of publication, distribution, etc. 2005
300 ## - PHYSICAL DESCRIPTION
Extent 834
700 ## - ADDED ENTRY--PERSONAL NAME
Personal name Edminister Joseph A
906 ## - LOCAL DATA ELEMENT F, LDF (RLIN)
a 11426
Holdings
Withdrawn status Lost status Damaged status Not for loan Collection Home library Current library Shelving location Date acquired Source of acquisition Cost, normal purchase price Total Checkouts Full call number Barcode Date last seen Price effective from Koha item type
          Matoshri Bayabai Shripatrao Kadam Kanya Mahavidyalaya, Kadegaon, Sangli Matoshri Bayabai Shripatrao Kadam Kanya Mahavidyalaya, Kadegaon, Sangli   25/04/2011 Santosh Book Depot Wholesaled & Retail Book Sellers 1989 8th Lane Rajarampuri 495.00   544.5 KVK-YCX00019 18/04/2023 18/04/2023 Book